National Assembly Library of Thailand

มาตรการป้องกันการทุจริตเพื่อแก้ไขปัญหาการออกเอกสารสิทธิในที่ดินโดยมิชอบ / (ระเบียนเลขที่ 94725)

รายละเอียดในรูปแบบ MARC
000 -LEADER
fixed length control field 01475nam a22002057a 4500
003 - CONTROL NUMBER IDENTIFIER
control field NALT
005 - DATE AND TIME OF LATEST TRANSACTION
control field 20240814174543.0
008 - FIXED-LENGTH DATA ELEMENTS--GENERAL INFORMATION
fixed length control field 180601b th ||||| |||| 00| 0 tha d
040 ## - CATALOGING SOURCE
Original cataloging agency NALT
090 ## - LOCALLY ASSIGNED LC-TYPE CALL NUMBER (OCLC); LOCAL CALL NUMBER (RLIN)
Classification number (OCLC) (R) ; Classification number, CALL (RLIN) (NR) KO 27.1
Local cutter number (OCLC) ; Book number/undivided call number, CALL (RLIN) ค125ม 2561
110 2# - MAIN ENTRY--CORPORATE NAME
9 (RLIN) 29354
Corporate name or jurisdiction name as entry element คณะอนุกรรมการเพื่อศึกษาปัญหาการออกเอกสารสิทธิในที่ดินโดยมิชอบ
245 10 - TITLE STATEMENT
Title มาตรการป้องกันการทุจริตเพื่อแก้ไขปัญหาการออกเอกสารสิทธิในที่ดินโดยมิชอบ /
Statement of responsibility, etc. คณะอนุกรรมการเพื่อศึกษาปัญหาการออกเอกสารสิทธิในที่ดินโดยมิชอบ.
260 ## - PUBLICATION, DISTRIBUTION, ETC.
Place of publication, distribution, etc. กรุงเทพฯ :
Name of publisher, distributor, etc. สำนักงานคณะกรรมการป้องกันและปราบปรามการทุจริตแห่งชาติ,
Date of publication, distribution, etc. [2561].
300 ## - PHYSICAL DESCRIPTION
Extent 1 เล่ม (หน้าไม่เรียงลำดับ) :
Other physical details ตาราง ;
Dimensions 29 ซม.
650 #4 - SUBJECT ADDED ENTRY--TOPICAL TERM
9 (RLIN) 29355
Topical term or geographic name entry element กรรมสิทธิ์ที่ดิน
General subdivision การป้องกันการทุจริต
-- วิจัย
850 ## - HOLDING INSTITUTION
Holding institution NALT
942 ## - ADDED ENTRY ELEMENTS (KOHA)
Koha item type Research/Thesis
Source of classification or shelving scheme Local Classification
998 ## - STAFF NAME (NALT)
-- 25
-- นีลวัสน์ อินทรักษา
รายการที่มีในห้องสมุด
Withdrawn status Lost status Source of classification or shelving scheme Damaged status Not for loan Collection code Home library Current library Date acquired Total Checkouts Full call number Barcode Date last seen Price effective from Koha item type
    Local Classification     Research & Theses collection National Assembly Library of Thailand National Assembly Library of Thailand 01/06/2018   ว KO 27.1 ค125ม 2561 3961207918 17/07/2018 01/06/2018 Research/Thesis
หอสมุดรัฐสภา
สำนักงานเลขาธิการสภาผู้แทนราษฎร เลขที่ 1111 ถนนสามเสน แขวงถนนนครไชยศรี เขตดุสิต กรุงเทพฯ 10300
The Secretariat of the House of Representatives 1111 Samsen Road, Thanon Nakhon Chai Si, Dusit, Bangkok 10300, THAILAND
โทรศัพท์: +66(0) 2242 5900 ต่อ 5714-5 โทรสาร: +66(0) 2242 5990 อีเมล: [email protected]